000
00297 a2200133 4500
001
66126
082
_a
671.02THE
090
_c
38420
_d
38420
100
_a
Theis, Henry E
245
_a
Handbook of Metal forming Process
250
_a
1
260
_a
N.Y
_b
Marcel Dekker
_c
1999
300
_a
655 p
942
_a
NUST-CAE
_k
671.02THE
999
_c
301199
_d
301199